000 00327nam a22001337a 4500
008 250108b |||||||| |||| 00| 0 eng d
020 _a0-521-35721-7
050 _aPR451
_b.C76
100 _aCross Nigel
245 _aThe Common Writer
260 _aNew York
_bCambridge University Press
_c1988
300 _avi,265
942 _cBK
999 _c1900
_d1900